Cerita peribahasa (Simpulan Bahasa) Buku 5

Bibliographic Details
Main Author: Rejab F.I
Format: Book
Published: Kuala Lumpur : Penerbitan Kintan Sdn. Bhd. , 1992
Subjects:

MARC

LEADER 00000cam a2200000 7i4500
001 0000058639
005 20160113.0
008 160113
020 |a 978-9838190772 
090 0 0 |a 398.9   |b REJ 
100 0 |a Rejab F.I. 
245 1 0 |a Cerita peribahasa (Simpulan Bahasa) Buku 5   |c Rejab F. I. 
260 |a Kuala Lumpur :   |b Penerbitan Kintan Sdn. Bhd. ,   |c 1992 
300 |a 163pg 
650 0 |a Proverbs, Malay-Juvenile Literature 
999 |a 0000720580   |b Book   |c Adult Collection   |e Cawangan Muar 
999 |a 0000720586   |b Book   |c Adult Collection   |e Cawangan Kota Tinggi